000 01200cam a22003737a 4500
003 CHAP
005 20220817040905.0
008 971013s1991 r 00010 d
010 _a2192
011 _a3164
035 _a2364
040 _cCHAP
090 _aTesis
100 0 0 _aPadilla Ramírez, Rafael.
_984668
245 1 3 _aEl cultivo de la soya (Glycine max L. Merril) en México
260 _aChapingo, Méx. :
_bEl Autor,
_c1991
300 _a162 h.
500 _aD44-226
502 _aTesis (Ing. Agr. Esp. en Fitotecnia) -- UACH. Departamento de Fitotecnia
590 _aALEPH
_b10
_c20130110
_lUCH01
_h1212
590 _aBATCH-UPD
_b10
_c20130110
_lUCH01
_h1446
590 _aBATCH-UPD
_b10
_c20130410
_lUCH01
_h0915
590 _aBATCH-UPD
_b10
_c20130914
_lUCH01
_h2009
590 _aCONVERSION
_b10
_c20130109
_lUCH01
_h1302
650 1 4 _aSoya
_xEnfermedades.
_9109044
650 1 4 _aSoya
_xMéxico.
_9109071
650 1 4 _aSoya
_xPlagas.
_9109077
650 1 4 _aSoya
_xVariedades.
_9109096
710 _aUACH. Departamento de Fitotecnia
901 _aBK
942 _cFOLL
949 _bBC
_cTES
_d-11864
_eTS1
_h24425
_i2364
_si
949 _bBC
_cTES
_d33724000948014
_eTS2
_fc.2
_h24426
_i2364
_si
999 _c2192
_d2192